Calidad total : clave estratégica para la competitividad de la empresa /

Zapisane w:
Opis bibliograficzny
1. autor: Galgano, Alberto (autor)
Format: Książka
Język:hiszpański
Wydane: Madrid, España : Díaz de Santos, 1993, c1993
Hasła przedmiotowe:
Etykiety: Dodaj etykietę
Nie ma etykietki, Dołącz pierwszą etykiete!

MARC

LEADER 00000nam^a2200000^a^4500
001 000174854
005 20250521000000.0
009 20260310101543.601
020 |a 84-7978-094-0 
037 |a Acervo ITESO - Biblioteca 
041 |a ESP 
082 |a 658. 4063  |b GAL 
100 |a Galgano, Alberto  |e (autor) 
245 1 0 |a Calidad total :  |b clave estratégica para la competitividad de la empresa /  |c A. Galgano ; pról. de Angel Luis Linares ; tr. por Luciano Bray. 
264 4 |a Madrid, España :  |b Díaz de Santos,  |c 1993, c1993 
300 |a XXV, 537 p. 
336 |a texto  |b txt  |2 rdacontenido 
337 |a sin mediación  |b n  |2 rdamedio 
338 |a volumen  |b nc  |2 rdasoporte 
500 |a Traducción de: La Qualitá Totale. Il Company-Wide Quality Control come Nuovo Sistema Manageriale 
649 |a XX 
650 |a Calidad Total 
650 |a Control de Calidad 
650 |a Planeación Estratégica 
650 |a Cambio Organizacional 
650 |a Desarrollo Organizacional 
650 |a Exito Administrativo 
650 |a Proceso Administrativo -  |x Dirección 
650 |a Administración 
650 |a Ciencias Administrativas 
910 |a Fondo General 
920 |a Impresos - Libros 
930 |a Colección General 
905 |a 101 
901 |a 0500112928  |b IT1  |c ACC  |u 20250521 
902 |a https://opac.biblio.iteso.mx/vufind/Record/000174854